000 00748nmm a2200277 a 4500
003 AR-BaBNM
005 20251128202827.0
008 026019s1937 ||||||||||||||000 | spa||
040 _cAR-BaBNM
110 2 _aUniversidad Nacional de Tucumán
245 1 0 _aCancionero popular de Tucumán
_n2
260 _aBuenos Aires
_bBaiocco
_c1937
300 _a596 p.
500 _aContiene glosario de voces locales en p. 587
650 4 _aLITERATURA FOLKLORICA
650 4 _aLITERATURA POPULAR
650 4 _aCANCIONES FOLKLORICAS
650 4 _aMUSICA FOLKLORICA
650 4 _aANTOLOGIAS
651 4 _aArgentina
651 4 _aTucumán
653 _aCANCIONEROS
700 1 _aCarrizo, Juan Alfonso
_ecompilador
942 _cBK
998 _cisola
999 _c766
_d766